[Event "Kaspreta"]
[Site "http://www.queenalice.com/game.php?id=831828"]
[Date "2010.9.12"]
[Round "-"]
[White "kaspreta"]
[Black "lupengui"]
[Result "1-0"]
[WhiteElo "2223"]
[BlackElo "2040"]

1. e4 e5 2. Nf3 Nc6 3. Bc4 Bc5 4. Nc3 Nf6 5. d3 d6 6. Ng5 O-O 7. f3 a6 8. a3 h6
9. h4 Nd4 10. Ba2 Bd7 11. Ne2 Nxe2 12. Kxe2 Qe7 13. Bd2 c6 14. Kf1 d5 15. g3 Qd6
16. Kg2 Bd4 17. Rb1 hxg5 18. hxg5 Nh7 19. f4 exf4 20. Rxh7 g6 21. Qh1 fxg3 22.
Qh6 Qe5 23. Rh1 Bf5 24. Rh4 Bxe4+ 25. dxe4 1-0

[Event "Kaspreta"]
[Site "http://www.queenalice.com/game.php?id=831831"]
[Date "2010.9.12"]
[Round "-"]
[White "lupengui"]
[Black "kaspreta"]
[Result "0-1"]
[WhiteElo "2176"]
[BlackElo "2243"]

1. d4 Nf6 2. c4 e6 3. Nc3 Bb4 4. Nf3 b6 5. Bg5 Bb7 6. e3 h6 7. Bh4 g5 8. Bg3 Ne4
9. Qc2 Bxc3+ 10. bxc3 f5 11. Bd3 g4 12. Nh4 Qg5 13. O-O d6 14. d5 Nc5 15. dxe6
Be4 16. Bxe4 fxe4 17. Rad1 Qf6 18. Rd5 Qxe6 19. Qd1 Nbd7 20. Nf5 Qg6 21. Bh4 Rh7
22. Qd4 Rf7 23. Qh8+ Nf8 24. Qxh6 Rxf5 25. Qxg6+ Nxg6 26. Rxf5 Nxh4 27. Rf4 Kd7
28. Rxg4 Rh8 29. Rd1 Nf5 30. g3 Ne7 31. Kg2 Nc6 32. Rh4 Re8 33. Rh7+ Kd8 34. h4
Ne5 35. Re1 Rf8 36. Re2 Kc8 37. a4 Kb7 38. Ra2 a5 39. Rh5 Ncd3 40. Rg5 Ne1+ 41.
Kf1 N1f3 42. Rg7 Rh8 43. c5 bxc5 44. Ra1 Kc6 45. Kg2 Nd3 46. Re7 Nfe5 47. Rf1
Kd5 48. Rxc7 Kc4 49. Ra7 Kxc3 50. Rxa5 c4 51. Rd5 Kd2 0-1

[Event "Kaspreta"]
[Site "http://www.queenalice.com/game.php?id=831837"]
[Date "2010.9.12"]
[Round "-"]
[White "kaspreta"]
[Black "Chandra"]
[Result "1-0"]
[WhiteElo "2254"]
[BlackElo "2291"]

1. e4 e5 2. Nf3 d6 3. Bc4 Be6 4. Bxe6 fxe6 5. d4 exd4 6. Nxd4 Qd7 7. Qh5+ g6 8.
Qh3 e5 9. Ne6 Nc6 10. Qb3 Na5 11. Qd5 c6 12. Nxf8 cxd5 13. Nxd7 Kxd7 14. exd5
Rc8 15. Nc3 Nc4 16. a4 Ne7 17. Ke2 a5 18. Rd1 Rhf8 19. Ra2 Nb6 20. Be3 Rxc3 21.
bxc3 Nexd5 22. Ra3 Nc4 23. Rb3 Kc6 24. Rdb1 b6 25. Kd3 Nf4+ 26. Bxf4 Rxf4 27. g3
Rf3+ 28. Ke2 e4 29. h4 d5 30. Rd1 Rf5 31. Rb5 Na3 32. g4 Rf6 33. Rb3 Nc4 34. h5
gxh5 35. gxh5 Rh6 36. Rh1 Nd6 37. Rbb1 b5 38. axb5+ Nxb5 39. Rh3 Rf6 40. Ra1 Kb6
41. h6 Rf5 42. Ra4 Nd6 43. f3 Kb5 44. fxe4 Nxe4 45. Ra2 Nd6 46. Rb2+ Kc6 47. Rb8
Re5+ 48. Kf3 Rf5+ 49. Kg4 Rf1 50. Ra8 Kb6 51. c4 dxc4 52. Rh5 a4 53. Rxa4 Rg1+
54. Kf4 Re1 55. Ra8 Re4+ 56. Kf3 Re7 57. Rg8 Rf7+ 58. Ke3 Kc6 59. Kd4 Rf4+ 60.
Ke5 Re4+ 61. Kf6 c3 62. Kg7 Re7+ 63. Kh8 1-0

[Event "Kaspreta"]
[Site "http://www.queenalice.com/game.php?id=831838"]
[Date "2010.9.12"]
[Round "-"]
[White "kaspreta"]
[Black "Chandra"]
[Result "1-0"]
[WhiteElo "2267"]
[BlackElo "2278"]

1. e4 c5 2. Nc3 Nc6 3. Nge2 Qb6 4. Ng3 e6 5. f4 d6 6. Bc4 Nf6 7. d3 Be7 8. f5
Bd7 9. a4 Ne5 10. a5 Qc7 11. O-O O-O 12. Bf4 a6 13. fxe6 fxe6 14. Nf5 Rae8 15.
Bxe5 dxe5 16. Ne3 Rf7 17. Qf3 Bd6 18. Ncd5 Qd8 19. Nb6 Bc7 20. Nxd7 Qxd7 21. Qh3
Qd6 22. Bb3 Ree7 23. c3 Qd7 24. Nc4 Rf8 25. Qe3 Ref7 26. Qxc5 Qe7 27. Qxe7 Rxe7
28. g3 Rd8 29. Rf3 Rf8 30. Raf1 Rd8 31. Kg2 h6 32. Bd1 Rf7 33. Be2 Rdf8 34. b4
Bb8 35. Rb1 Nd7 36. b5 Rd8 37. Rxf7 Kxf7 38. bxa6 bxa6 39. Rb7 Ke8 40. Nb6 Nc5
41. Rxg7 Kf8 42. Rh7 Kg8 43. Rxh6 Kg7 44. Rh5 Nxd3 45. Bxd3 Rxd3 46. Rg5+ Kf7
47. h4 Bc7 48. c4 Ra3 49. Nd7 Rxa5 50. h5 Bd8 51. Rg6 Ke8 52. Nb8 Kf7 53. Nc6
Ra2+ 54. Kh3 Bf6 55. g4 Ra3+ 56. Kg2 Ra2+ 57. Kf3 Ra3+ 58. Ke2 Ra2+ 59. Kd3 Ra3+
60. Kc2 Rg3 61. c5 Rg2+ 62. Kb3 a5 63. Nxa5 Bd8 64. Nc4 Bc7 65. g5 Rg4 66. Rh6
1-0

[Event "Challenge"]
[Site "http://www.queenalice.com/game.php?id=837490"]
[Date "2010.9.24"]
[Round "-"]
[White "kaspreta"]
[Black "eddval"]
[Result "1-0"]
[WhiteElo "2279"]
[BlackElo "2177"]

1. e4 e5 2. Nf3 Nc6 3. Bc4 Bc5 4. Nc3 Nf6 5. d3 h6 6. a3 d6 7. h3 O-O 8. Bd2 Be6
9. Nd5 Bxd5 10. exd5 Ne7 11. c3 Nexd5 12. h4 Nf4 13. d4 Bb6 14. dxe5 dxe5 15.
Bxf4 exf4 16. O-O c6 17. Qc2 Qc8 18. a4 Qg4 19. a5 Bc7 20. Rfe1 Rae8 21. Rxe8
Rxe8 22. Qb3 Qd7 23. Qxb7 Rb8 24. Qxa7 Rxb2 25. Nd4 Ne4 26. Qa8+ Rb8 27. Qxc6
Qxc6 28. Nxc6 Ra8 29. Bd5 Re8 30. Re1 Nd6 31. Rb1 Bxa5 32. Nxa5 h5 33. c4 Kf8
34. c5 1-0

[Event "Kaspreta"]
[Site "http://www.queenalice.com/game.php?id=846630"]
[Date "2010.10.16"]
[Round "-"]
[White "kaspreta"]
[Black "micheleoneleven"]
[Result "1-0"]
[WhiteElo "2288"]
[BlackElo "2350"]

1. e4 e6 2. d4 d5 3. Nd2 c5 4. Ngf3 Nc6 5. exd5 exd5 6. Bb5 Bd6 7. dxc5 Bxc5 8.
O-O Ne7 9. Nb3 Bd6 10. Re1 O-O 11. Bd3 h6 12. h3 Nb4 13. Bf1 Bf5 14. Nbd4 Bg6
15. c3 Nbc6 16. Bd3 Nxd4 17. Nxd4 Rc8 18. Bxg6 Nxg6 19. Nf5 Be5 20. Be3 Re8 21.
Qg4 Rc4 22. Bd4 Bxd4 23. cxd4 Rxe1+ 24. Rxe1 Qc7 25. g3 Rc1 26. Rxc1 Qxc1+ 27.
Kg2 Qg5 28. Qxg5 hxg5 29. Kf3 b6 30. b4 a5 31. b5 f6 32. a4 Kf7 33. Kg4 Nh8 34.
Ne3 Ke6 35. Kh5 Nf7 36. Kg6 Nd6 37. h4 gxh4 38. gxh4 Ne4 39. h5 Nxf2 40. Kxg7
Ne4 41. h6 Ng5 42. Kg6 Kd6 43. Kxf6 Nh7+ 44. Kg6 Nf8+ 45. Kf7 Nh7 46. Nf5+ Kd7
47. Ng7 Kc7 48. Ne6+ Kd6 49. Nf8 Nxf8 50. Kxf8 1-0

[Event "Kaspreta"]
[Site "http://www.queenalice.com/game.php?id=854129"]
[Date "2010.11.3"]
[Round "-"]
[White "kaspreta"]
[Black "zicze"]
[Result "1/2-1/2"]
[WhiteElo "2302"]
[BlackElo "2307"]

1. e4 e6 2. d4 d5 3. Nd2 Nf6 4. e5 Nfd7 5. c3 c5 6. Bd3 Nc6 7. Ne2 cxd4 8. cxd4
f6 9. exf6 Nxf6 10. O-O Bd6 11. Nf3 Qc7 12. g3 O-O 13. Bf4 Bd7 14. Rc1 Rae8 15.
Ne5 Qb8 16. Nxd7 Nxd7 17. Be3 Qc7 18. Nc3 a6 19. a3 Nf6 20. Na4 Qd7 21. f4 Ne7
22. b4 Nf5 23. Bf2 h5 24. Nc5 Qf7 25. Qf3 Ng4 26. Kh1 Bxc5 27. bxc5 Qf6 28. Rcd1
Nxf2+ 29. Rxf2 Nxd4 30. Qxh5 Nf5 31. g4 Qh4 32. Bxf5 Qxh5 33. Bxe6+ Rxe6 34.
gxh5 Rf5 35. Rfd2 Rxf4 36. Rxd5 Rh4 37. Rg5 Re2 38. Rd7 1/2-1/2

[Event "Let's Play Chess!"]
[Site "http://www.queenalice.com/game.php?id=875606"]
[Date "2010.12.25"]
[Round "-"]
[White "boparame"]
[Black "kaspreta"]
[Result "0-1"]
[WhiteElo "2281"]
[BlackElo "2321"]

1. f4 d5 2. Nf3 Nf6 3. e3 Bf5 4. Be2 e6 5. O-O h5 6. c4 dxc4 7. Qa4+ Nbd7 8.
Qxc4 h4 9. d3 h3 10. g3 Bc5 11. Nc3 c6 12. Nd1 O-O 13. Kh1 Bb6 14. Ng5 Bg4 15.
Bxg4 Nxg4 16. Nxh3 e5 17. f5 e4 18. d4 Ndf6 19. Ndf2 Nh6 20. Nd1 Qd7 21. Nf4
Nxf5 22. Nc3 g5 23. Qe2 gxf4 24. Rxf4 Bc7 25. Nxe4 Nxe4 26. Qg4+ Kh8 27. Qh3+
Kg7 28. Qg4+ Kh6 29. Rxe4 Rh8 30. Re5 Bxe5 31. e4+ Kh7 32. dxe5 Nxg3+ 33. Qxg3
Qd1+ 34. Qg1 Rad8 35. Bg5 Qf3+ 36. Qg2 Rd1+ 37. Rxd1 Qxd1+ 38. Qg1 Qd3 39. Qe3
Qb1+ 40. Kg2 Qxb2+ 41. Qf2 Qxf2+ 0-1

[Event "Kaspreta"]
[Site "http://www.queenalice.com/game.php?id=876554"]
[Date "2010.12.25"]
[Round "-"]
[White "kaspreta"]
[Black "AFA1961"]
[Result "1-0"]
[WhiteElo "2300"]
[BlackElo "2208"]

1. e4 e5 2. Nf3 Nc6 3. Bc4 Bc5 4. Nc3 Nf6 5. d3 h6 6. a3 O-O 7. h4 Ng4 8. Rf1 d6
9. Na4 Bd4 10. c3 Bb6 11. Nxb6 axb6 12. Ng5 Qe7 13. f3 Nf6 14. Rh1 b5 15. Ba2
Ne8 16. Be3 hxg5 17. hxg5 Be6 18. f4 g6 19. f5 Bxa2 20. Rxa2 Ng7 21. f6 Qe6 22.
b3 Nh5 23. Rxh5 d5 24. g3 gxh5 25. Qxh5 1-0

[Event "Kaspreta"]
[Site "http://www.queenalice.com/game.php?id=876555"]
[Date "2010.12.25"]
[Round "-"]
[White "AFA1961"]
[Black "kaspreta"]
[Result "0-1"]
[WhiteElo "2324"]
[BlackElo "2308"]

1. d4 d5 2. Nf3 Nf6 3. e3 e6 4. c4 Be7 5. cxd5 exd5 6. Bd3 Nc6 7. Nc3 Bg4 8. h3
Bh5 9. O-O O-O 10. a3 Re8 11. b4 Bd6 12. Bb2 Ne7 13. Rc1 c6 14. b5 Qa5 15. Qa4
Qb6 16. Ne5 a6 17. bxc6 Qxb2 18. Rc2 b5 19. Nxb5 axb5 20. Qxa8 Qxc2 21. Qxe8+
Nxe8 22. Bxc2 Be2 23. Re1 Bc4 24. a4 b4 25. a5 b3 26. Bxb3 Bxb3 27. a6 Nc8 28.
Ra1 Na7 29. Rb1 Bc4 30. Nxc4 dxc4 31. Kf1 c3 32. Ke2 c2 33. Rc1 Nc7 34. Rxc2 Ba3
35. Rc3 Bb4 36. Rc4 Ba5 37. e4 Nab5 38. d5 f5 39. exf5 Bb6 40. Kd3 Nxd5 41. Rc2
Ndc7 42. Ra2 Kf8 43. h4 Ba7 44. h5 Nd4 45. Ke4 Ne8 46. Rb2 Nxc6 47. h6 gxh6 48.
Kd5 Nd8 49. Rc2 Ke7 50. f3 Kd7 51. Ke4 Nf7 52. Kf4 Nf6 53. Re2 Nd5+ 0-1

[Event "Kaspreta"]
[Site "http://www.queenalice.com/game.php?id=876557"]
[Date "2010.12.25"]
[Round "-"]
[White "kaspreta"]
[Black "caterina"]
[Result "1-0"]
[WhiteElo "2332"]
[BlackElo "2343"]

1. e4 e5 2. Nf3 Nf6 3. Nc3 Nc6 4. Bc4 Bc5 5. d3 O-O 6. a3 d6 7. Ng5 Bg4 8. f3
Bd7 9. Na4 Bb6 10. Nxb6 axb6 11. Bd2 h6 12. h4 Qe7 13. g4 b5 14. Ba2 Nh7 15. Kf2
hxg5 16. hxg5 Nxg5 17. Rh5 Be6 18. Bxg5 f6 19. Bxe6+ Qxe6 20. Be3 b4 21. a4 Ne7
22. Qh1 Ng6 23. Rh7 Kf7 24. Bh6 Rg8 25. Qh5 Qe7 26. Rh1 Qf8 27. f4 exf4 28. Qd5+
Ke8 29. Qxb7 Rd8 30. Qb5+ c6 31. Qxc6+ Rd7 32. a5 b3 33. d4 1-0

[Event "Kaspreta"]
[Site "http://www.queenalice.com/game.php?id=906925"]
[Date "2011.3.1"]
[Round "-"]
[White "kaspreta"]
[Black "jeancarlo1910"]
[Result "1-0"]
[WhiteElo "2361"]
[BlackElo "1826"]

1. e4 c5 2. Nc3 Nc6 3. Bc4 Nf6 4. d3 Ne5 5. Nf3 Ng6 6. e5 Ng8 7. h4 e6 8. d4
cxd4 9. Qxd4 N8e7 10. h5 Nc6 11. Qe4 Nge7 12. O-O Nf5 13. Qg4 b6 14. Bd3 d5 15.
exd6 Nxd6 16. Re1 Ne7 17. Ne5 f5 18. Qa4+ Bd7 19. Nb5 Nb7 20. Nxd7 Qxd7 21. Nc7+
Kd8 22. Nxe6+ Kc8 23. Bb5 1-0

[Event "Kaspreta"]
[Site "http://www.queenalice.com/game.php?id=906926"]
[Date "2011.3.1"]
[Round "-"]
[White "kaspreta"]
[Black "rotwein"]
[Result "1-0"]
[WhiteElo "2352"]
[BlackElo "2248"]

1. e4 c5 2. Nc3 a6 3. a4 b6 4. Nf3 Bb7 5. d4 cxd4 6. Nxd4 e6 7. Bd3 Nc6 8. Nxc6
dxc6 9. O-O Qc7 10. f4 Nf6 11. Qe2 Bc5+ 12. Kh1 O-O 13. e5 Nd7 14. Ne4 Be7 15.
b3 Nc5 16. Nf6+ Bxf6 17. Bxh7+ Kxh7 18. Qh5+ Kg8 19. exf6 Ne4 20. fxg7 Kxg7 21.
Qg4+ 1-0

[Event "Kaspreta"]
[Site "http://www.queenalice.com/game.php?id=906927"]
[Date "2011.3.1"]
[Round "-"]
[White "kaspreta"]
[Black "rotwein"]
[Result "1-0"]
[WhiteElo "2344"]
[BlackElo "2224"]

1. e4 c5 2. Nc3 a6 3. a4 b6 4. Bc4 e6 5. d3 Bb7 6. h4 Ne7 7. Ba2 d5 8. Bd2 Nd7
9. Nf3 Qc7 10. exd5 Nxd5 11. Nxd5 Bxd5 12. Bxd5 exd5 13. O-O Bd6 14. Re1+ Kf8
15. c4 d4 16. h5 h6 17. Nh4 Ne5 18. Nf5 Re8 19. Qe2 Re6 20. Bf4 1-0